Hungarian football league winners 2000-2023 - Statistics

General Stats
  • This quiz has been taken 215 times
    150 since last reset
  • The average score is 19 of 23
Answer Stats
Hint Answer % Correct
2000-2001 Ferencváros
99%
2003-2004 Ferencváros
99%
2015-2016 Ferencváros
99%
2018-2019 Ferencváros
99%
2019-2020 Ferencváros
99%
2020-2021 Ferencváros
99%
2021-2022 Ferencváros
99%
2010-2011 Videoton
85%
2014-2015 Videoton
85%
2017-2018 Videoton
85%
2004-2005 Debrecen
84%
2005-2006 Debrecen
84%
2006-2007 Debrecen
84%
2008-2009 Debrecen
84%
2009-2010 Debrecen
84%
2011-2012 Debrecen
84%
2013-2014 Debrecen
84%
2016-2017 Honvéd
81%
2022-2023 Ferencváros
73%
2007-2008 MTK
72%
2002-2003 MTK-Hungária
72%
2012-2013 Győr
58%
2001-2002 Zalaegerszeg
41%
No matching quizzes found
Score Distribution
Percent of People with Each Score
Percentile by Number Answered
Your Score History
You have not taken this quiz since the last reset